[Event "Calgary int."]
[Site "Calgary CAN"]
[Date "2013.05.16"]
[Round "4"]
[White "So, Wesley"]
[Black "Van Kampen, Robin"]
[Result "1-0"]
[WhiteElo "2701"]
[BlackElo "2580"]
[PlyCount "109"]
[GameId "2160767909356136"]
[EventDate "2013.05.14"]
[EventType "swiss"]
[EventRounds "9"]
[EventCountry "CAN"]
[SourceTitle "CBM 154 Extra"]
[Source "ChessBase"]
[SourceDate "2013.06.25"]
[SourceVersion "2"]
[SourceVersionDate "2013.06.25"]
[SourceQuality "1"]

1. e4 d6 2. Nc3 g6 3. d4 Bg7 4. f4 Nf6 5. Nf3 O-O 6. Bd3 Nc6 7. e5 dxe5 8. fxe5 Nh5 9. Be3 Bg4 10. Be2 f6 11. exf6 exf6 12. O-O Ne7 13. Re1 Kh8 14. h3 Be6 15. Nd2 Ng3 16. Bf2 Ngf5 17. Nb3 Bg8 18. Bf3 Nc6 19. Bxc6 bxc6 20. Nc5 Qd6 21. N3e4 Qd5 22. b3 Rae8 23. Qd3 Nd6 24. Nc3 Qf5 25. Qxf5 Nxf5 26. N3a4 h5 27. Na6 Rd8 28. c3 Rf7 29. Nb4 Rd6 30. Nc5 a5 31. Nbd3 Bh6 32. Rad1 Rd8 33. g4 Nd6 34. c4 hxg4 35. hxg4 Rh7 36. Kg2 Bf7 37. Bg3 Re8 38. Rxe8+ Nxe8 39. Be1 Be3 40. Bc3 f5 41. Ne5 Nf6 42. Re1 f4 43. g5 Ne8 44. Ng4 f3+ 45. Kxf3 Bxg5 46. Bxa5 Kg8 47. Ne5 Rh2 48. Re2 Rh4 49. Nxc6 Rf4+ 50. Kg2 Rg4+ 51. Kf1 Nd6 52. Rg2 Nxc4 53. Rxg4 Ne3+ 54. Ke2 Nxg4 55. Bxc7 1-0

[Event "Calgary int."]
[Site "Calgary CAN"]
[Date "2013.05.17"]
[Round "5"]
[White "Ebrahim Shirazi, Behrooz"]
[Black "Haessel, Dale"]
[Result "1-0"]
[WhiteElo "2063"]
[BlackElo "2171"]
[PlyCount "69"]
[GameId "2160767909356138"]
[EventDate "2013.05.14"]
[EventType "swiss"]
[EventRounds "9"]
[EventCountry "CAN"]
[SourceTitle "CBM 154 Extra"]
[Source "ChessBase"]
[SourceDate "2013.06.25"]
[SourceVersion "2"]
[SourceVersionDate "2013.06.25"]
[SourceQuality "1"]

1. d4 Nf6 2. c4 g6 3. Nc3 d5 4. cxd5 Nxd5 5. Bd2 Bg7 6. e4 Nb6 7. Be3 Nc6 8. Bb5 O-O 9. Nge2 Nb4 10. Qb3 a5 11. a3 Na6 12. O-O Bd7 13. Bd3 e5 14. d5 a4 15. Qc2 Qe7 16. Bxb6 cxb6 17. Nxa4 Rfc8 18. Nac3 b5 19. b4 Nc7 20. Qb3 Qd6 21. Rfd1 Bf8 22. Rac1 Qb6 23. Nb1 Bh6 24. Rc3 Rf8 25. Nd2 Ne8 26. Nf3 Qd6 27. h3 f5 28. exf5 gxf5 29. Bc2 Nf6 30. Nh4 e4 31. Nd4 Nh5 32. Ne6 Rf6 33. Rg3+ Kh8 34. Qc3 Rg8 35. Nxf5 1-0

[Event "Calgary int."]
[Site "Calgary CAN"]
[Date "2013.05.17"]
[Round "5"]
[White "Kostadinov, George"]
[Black "Yam, Alex"]
[Result "1-0"]
[WhiteElo "2082"]
[BlackElo "2283"]
[PlyCount "73"]
[GameId "2160767909356140"]
[EventDate "2013.05.14"]
[EventType "swiss"]
[EventRounds "9"]
[EventCountry "CAN"]
[SourceTitle "The Week in Chess 967"]
[Source "Mark Crowther"]
[SourceDate "2013.05.20"]
[SourceVersion "1"]
[SourceVersionDate "2013.05.20"]
[SourceQuality "2"]

1. d4 Nf6 2. c4 e6 3. Nc3 c5 4. d5 exd5 5. cxd5 d6 6. Nf3 g6 7. Bf4 a6 8. a4 Bg7 9. e4 Bg4 10. Be2 O-O 11. h3 Bxf3 12. Bxf3 Qe7 13. O-O Nbd7 14. Re1 Ne8 15. Qd2 Nc7 16. Be2 Rab8 17. Bg5 Bf6 18. Bxf6 Nxf6 19. Bf1 Rfd8 20. Rad1 Nfe8 21. f4 b5 22. axb5 axb5 23. e5 dxe5 24. fxe5 b4 25. d6 bxc3 26. Qxc3 Qf8 27. dxc7 Nxc7 28. Bc4 Qe7 29. b3 Nb5 30. Rxd8+ Qxd8 31. Qf3 Qe7 32. Rf1 Nd4 33. Qxf7+ Qxf7 34. Rxf7 Kh8 35. e6 Nf5 36. e7 Rg8 37. Rxh7+ 1-0

[Event "Calgary int."]
[Site "Calgary CAN"]
[Date "2013.05.17"]
[Round "5"]
[White "McEntee, Tim R"]
[Black "Cao, Jason"]
[Result "0-1"]
[WhiteElo "2115"]
[BlackElo "2026"]
[PlyCount "72"]
[GameId "2160767909356141"]
[EventDate "2013.05.14"]
[EventType "swiss"]
[EventRounds "9"]
[EventCountry "CAN"]
[SourceTitle "CBM 154 Extra"]
[Source "ChessBase"]
[SourceDate "2013.06.25"]
[SourceVersion "2"]
[SourceVersionDate "2013.06.25"]
[SourceQuality "1"]

1. d4 Nf6 2. c4 e6 3. Nc3 Bb4 4. e3 O-O 5. Nge2 b6 6. a3 Be7 7. Ng3 d5 8. Bd3 Bb7 9. O-O Re8 10. b3 Nbd7 11. f4 c5 12. Bb2 Rc8 13. Rc1 cxd4 14. exd4 Bd6 15. cxd5 Nxd5 16. Qd2 Nxc3 17. Rxc3 Nf6 18. Rxc8 Qxc8 19. f5 e5 20. dxe5 Bxe5 21. Bxe5 Rxe5 22. Be2 Qc5+ 23. Kh1 Qxa3 24. b4 Qa4 25. b5 Qa3 26. Bc4 Bd5 27. Bd3 h6 28. Qc2 Qb4 29. Qc1 Re8 30. Qa1 Qh4 31. Re1 Rxe1+ 32. Qxe1 Qd4 33. Bf1 Ng4 34. Qe8+ Kh7 35. h3 Ne3 36. Qe7 Qf4 0-1

[Event "Calgary int."]
[Site "Calgary CAN"]
[Date "2013.05.17"]
[Round "5"]
[White "Nguyen, Kim"]
[Black "Pua, Richard"]
[Result "1/2-1/2"]
[WhiteElo "2079"]
[BlackElo "2007"]
[PlyCount "78"]
[GameId "2160767909356142"]
[EventDate "2013.05.14"]
[EventType "swiss"]
[EventRounds "9"]
[EventCountry "CAN"]
[SourceTitle "The Week in Chess 967"]
[Source "Mark Crowther"]
[SourceDate "2013.05.20"]
[SourceVersion "1"]
[SourceVersionDate "2013.05.20"]
[SourceQuality "2"]

1. e4 e5 2. Bc4 Nf6 3. d3 c6 4. Nf3 d5 5. Bb3 Bd6 6. Nc3 d4 7. Ne2 h6 8. Ng3 O-O 9. O-O c5 10. Nh4 Nc6 11. Ngf5 Kh7 12. f4 Bc7 13. fxe5 Nxe5 14. Bf4 Ng6 15. Bxc7 Qxc7 16. h3 Nxh4 17. Nxh4 Be6 18. Qf3 Qe5 19. Rf2 b5 20. Qe2 Rac8 21. Bxe6 fxe6 22. Raf1 Qg3 23. Nf3 Kg8 24. Nh2 Nd7 25. Rf3 Rxf3 26. Rxf3 Qg5 27. Rf1 Rf8 28. Nf3 Qg3 29. c3 Ne5 30. cxd4 Nxf3+ 31. Rxf3 Rxf3 32. Qxf3 Qxf3 33. gxf3 cxd4 34. f4 Kf7 35. Kg2 Kf6 36. b4 g5 37. Kf3 gxf4 38. Kxf4 e5+ 39. Kg4 Kg6 1/2-1/2

[Event "Calgary int."]
[Site "Calgary CAN"]
[Date "2013.05.17"]
[Round "5"]
[White "Peter, Steven"]
[Black "Gardner, Robert"]
[Result "1-0"]
[WhiteElo "2234"]
[BlackElo "2217"]
[PlyCount "113"]
[GameId "2160767909356143"]
[EventDate "2013.05.14"]
[EventType "swiss"]
[EventRounds "9"]
[EventCountry "CAN"]
[SourceTitle "The Week in Chess 967"]
[Source "Mark Crowther"]
[SourceDate "2013.05.20"]
[SourceVersion "1"]
[SourceVersionDate "2013.05.20"]
[SourceQuality "2"]

1. e4 d6 2. d4 Nf6 3. Nc3 g6 4. f4 Bg7 5. Nf3 c5 6. Bb5+ Bd7 7. e5 Ng4 8. Bxd7+ Qxd7 9. d5 dxe5 10. h3 e4 11. hxg4 exf3 12. Qxf3 Na6 13. Bd2 O-O-O 14. O-O-O f5 15. gxf5 gxf5 16. Be1 Nc7 17. Bf2 b6 18. d6 exd6 19. Nd5 Qb5 20. c3 Rde8 21. Ne3 Bf8 22. Rh5 Qa4 23. Nxf5 Qxa2 24. Nxd6+ Bxd6 25. Rxd6 Qa1+ 26. Kc2 Qa4+ 27. Kb1 Re4 28. Qg4+ Kb8 29. Rxh7 Rhe8 30. Rh1 Re2 31. Rd8+ Rxd8 32. Qxe2 Qxf4 33. Qf3 Qxf3 34. gxf3 Rf8 35. Rh3 Ne6 36. Bg3+ Kb7 37. Bh4 c4 38. Rg3 Kc6 39. Rg6 Kd5 40. Rf6 Rxf6 41. Bxf6 a5 42. Kc2 a4 43. Kd2 Nf4 44. Be7 Nd3 45. Ba3 Ke5 46. Ke3 b5 47. Ke2 Nf4+ 48. Kf2 Nd5 49. Ke2 Nf4+ 50. Kf2 Nd5 51. Ke2 Kf5 52. Kf2 b4 53. cxb4 Nc7 54. b5 Nxb5 55. Bb4 c3 56. bxc3 a3 57. Bxa3 1-0

[Event "Calgary int."]
[Site "Calgary CAN"]
[Date "2013.05.17"]
[Round "6"]
[White "Ebrahim Shirazi, Behrooz"]
[Black "Piasetski, Leon"]
[Result "0-1"]
[WhiteElo "2063"]
[BlackElo "2282"]
[PlyCount "48"]
[GameId "2160767909356148"]
[EventDate "2013.05.14"]
[EventType "swiss"]
[EventRounds "9"]
[EventCountry "CAN"]
[SourceTitle "CBM 154 Extra"]
[Source "ChessBase"]
[SourceDate "2013.06.25"]
[SourceVersion "2"]
[SourceVersionDate "2013.06.25"]
[SourceQuality "1"]

1. d4 Nf6 2. c4 e6 3. Nc3 c5 4. d5 exd5 5. cxd5 d6 6. Nf3 a6 7. a4 g6 8. h3 Bg7 9. Bf4 Nh5 10. Bh2 f5 11. e3 O-O 12. Be2 f4 13. e4 Nd7 14. Nd2 Ne5 15. Nc4 f3 16. gxf3 Nf4 17. Bxf4 Rxf4 18. Nxe5 Bxe5 19. Qd2 Bd7 20. Kd1 b5 21. Kc2 bxa4 22. Nxa4 Bb5 23. Ra3 Qf6 24. Nb6 Rb8 0-1

[Event "Calgary int."]
[Site "Calgary CAN"]
[Date "2013.05.17"]
[Round "6"]
[White "Gardner, Robert"]
[Black "Haessel, Dale"]
[Result "0-1"]
[WhiteElo "2217"]
[BlackElo "2171"]
[PlyCount "70"]
[GameId "2160767909356149"]
[EventDate "2013.05.14"]
[EventType "swiss"]
[EventRounds "9"]
[EventCountry "CAN"]
[SourceTitle "CBM 154 Extra"]
[Source "ChessBase"]
[SourceDate "2013.06.25"]
[SourceVersion "2"]
[SourceVersionDate "2013.06.25"]
[SourceQuality "1"]

1. d4 Nf6 2. c4 g6 3. Nc3 d5 4. Nf3 Bg7 5. Qb3 dxc4 6. Qxc4 O-O 7. e4 Nc6 8. Be2 Bg4 9. d5 Na5 10. Qb4 Bxf3 11. Bxf3 c6 12. O-O cxd5 13. exd5 Rc8 14. Re1 Re8 15. Bg5 h6 16. Be3 b6 17. Rad1 Rc4 18. Qa3 Ng4 19. Bd2 Ne5 20. Be2 Rd4 21. b3 Nd3 22. Rf1 Nf4 23. Bb5 Rxd2 24. Bxe8 Rxd1 25. Nxd1 Qxe8 26. b4 Nc4 27. Qf3 g5 28. Re1 Qd7 29. Ne3 Nd2 30. Qd1 Ne4 31. Qb3 Nc3 32. g3 Nce2+ 33. Kh1 Nd4 34. Qc4 b5 35. Qc1 Nd3 0-1

[Event "Calgary int."]
[Site "Calgary CAN"]
[Date "2013.05.17"]
[Round "6"]
[White "Pua, Richard"]
[Black "McEntee, Tim R"]
[Result "1/2-1/2"]
[WhiteElo "2007"]
[BlackElo "2115"]
[PlyCount "69"]
[GameId "2160767909356150"]
[EventDate "2013.05.14"]
[EventType "swiss"]
[EventRounds "9"]
[EventCountry "CAN"]
[SourceTitle "CBM 154 Extra"]
[Source "ChessBase"]
[SourceDate "2013.06.25"]
[SourceVersion "2"]
[SourceVersionDate "2013.06.25"]
[SourceQuality "1"]

1. d4 Nf6 2. Nf3 e6 3. e3 d5 4. Bd3 c5 5. b3 Nc6 6. O-O Be7 7. Bb2 O-O 8. a3 a6 9. Ne5 Nd7 10. f4 f5 11. Nd2 Ndxe5 12. fxe5 Qb6 13. Nf3 c4 14. Be2 cxb3 15. cxb3 Bd7 16. b4 Rac8 17. Rc1 Rc7 18. Qd2 Rfc8 19. Kh1 Na7 20. Rxc7 Rxc7 21. Rc1 Rxc1+ 22. Qxc1 Qc6 23. Qxc6 Bxc6 24. Kg1 Nc8 25. Kf2 Nb6 26. Nd2 Ba4 27. Bc1 Kf7 28. Nb1 Bc2 29. Nc3 Na4 30. Nxa4 Bxa4 31. Bd3 Ke8 32. Ke1 Kd7 33. Kd2 Kc6 34. Kc3 b5 35. Be2 1/2-1/2

[Event "Calgary int."]
[Site "Calgary CAN"]
[Date "2013.05.17"]
[Round "6"]
[White "So, Wesley"]
[Black "Porper, Edward"]
[Result "1/2-1/2"]
[WhiteElo "2701"]
[BlackElo "2423"]
[PlyCount "64"]
[GameId "2160767909356151"]
[EventDate "2013.05.14"]
[EventType "swiss"]
[EventRounds "9"]
[EventCountry "CAN"]
[SourceTitle "CBM 154 Extra"]
[Source "ChessBase"]
[SourceDate "2013.06.25"]
[SourceVersion "2"]
[SourceVersionDate "2013.06.25"]
[SourceQuality "1"]

1. d4 d5 2. Nf3 c6 3. c4 e6 4. Nc3 dxc4 5. e3 b5 6. a4 Bb4 7. Bd2 a5 8. axb5 Bxc3 9. Bxc3 cxb5 10. b3 Bb7 11. bxc4 b4 12. Bb2 Nf6 13. Bd3 Nbd7 14. O-O O-O 15. Nd2 Qc7 16. Bc2 e5 17. f3 Rfc8 18. Re1 h6 19. Bb3 Re8 20. Qc2 exd4 21. exd4 Bc6 22. Ne4 Qa7 23. Ba4 Bxa4 24. Qxa4 Nxe4 25. Rxe4 Rxe4 26. fxe4 Ne5 27. Qc2 a4 28. c5 Ng4 29. h3 Nf6 30. Qc4 Nxe4 31. Qxb4 Rb8 32. Qa3 Qd7 1/2-1/2

[Event "Calgary int."]
[Site "Calgary CAN"]
[Date "2013.05.18"]
[Round "6"]
[White "Langer, Mikhail"]
[Black "Cao, Jason"]
[Result "0-1"]
[WhiteElo "2237"]
[BlackElo "2026"]
[PlyCount "86"]
[GameId "2160767909356153"]
[EventDate "2013.05.14"]
[EventType "swiss"]
[EventRounds "9"]
[EventCountry "CAN"]
[SourceTitle "The Week in Chess 967"]
[Source "Mark Crowther"]
[SourceDate "2013.05.20"]
[SourceVersion "1"]
[SourceVersionDate "2013.05.20"]
[SourceQuality "2"]

1. e4 c5 2. d3 Nc6 3. g3 g6 4. Bg2 Bg7 5. f4 d6 6. Nf3 e6 7. O-O Nge7 8. c3 O-O 9. Be3 b6 10. a4 Ba6 11. Na3 d5 12. Nb5 Bb7 13. e5 Nf5 14. Bf2 a6 15. g4 axb5 16. gxf5 gxf5 17. axb5 Ne7 18. b4 cxb4 19. cxb4 Ng6 20. Rxa8 Bxa8 21. Bg3 d4 22. Qa1 Qd5 23. Qxd4 Qxb5 24. Rc1 Ne7 25. Qc4 Qd7 26. Qd4 Qxd4+ 27. Nxd4 Bxg2 28. Kxg2 Nd5 29. b5 Ra8 30. Kf3 Ra3 31. Ke2 Bh6 32. Rc8+ Kg7 33. Nc2 Rb3 34. Rb8 Rxb5 35. Ne3 Nxf4+ 36. Kf3 Nxd3 37. Nc4 f4 38. Bh4 Nxe5+ 39. Nxe5 Rxe5 40. Bf2 Rb5 41. Bxb6 Kg6 42. Rg8+ Kf5 43. Bc7 e5 0-1

[Event "Calgary int."]
[Site "Calgary CAN"]
[Date "2013.05.18"]
[Round "6"]
[White "Mikhalevski, Victor"]
[Black "Jayakumar, Adarsh"]
[Result "1-0"]
[WhiteElo "2551"]
[BlackElo "2336"]
[PlyCount "56"]
[GameId "2160767909356154"]
[EventDate "2013.05.14"]
[EventType "swiss"]
[EventRounds "9"]
[EventCountry "CAN"]
[SourceTitle "The Week in Chess 967"]
[Source "Mark Crowther"]
[SourceDate "2013.05.20"]
[SourceVersion "1"]
[SourceVersionDate "2013.05.20"]
[SourceQuality "2"]

1. c4 e6 2. g3 d5 3. Bg2 f5 4. Nf3 Nf6 5. O-O Be7 6. d3 O-O 7. Nc3 d4 8. Nb5 c5 9. e3 a6 10. Na3 Nc6 11. exd4 cxd4 12. Re1 Bd6 13. Bd2 e5 14. c5 Bc7 15. Qb3+ Kh8 16. Ng5 Qe7 17. f4 h6 18. Nf3 e4 19. Nh4 Kh7 20. dxe4 fxe4 21. Rxe4 Nxe4 22. Qd3 Bf5 23. Nxf5 Nxc5 24. Nxe7+ Nxd3 25. Be4+ g6 26. Nxg6 Rfe8 27. Bxd3 Kg7 28. Nh4 Kg8 1-0

[Event "Calgary int."]
[Site "Calgary CAN"]
[Date "2013.05.18"]
[Round "6"]
[White "Peter, Steven"]
[Black "Kostadinov, George"]
[Result "0-1"]
[WhiteElo "2234"]
[BlackElo "2082"]
[PlyCount "48"]
[GameId "2160767909356155"]
[EventDate "2013.05.14"]
[EventType "swiss"]
[EventRounds "9"]
[EventCountry "CAN"]
[SourceTitle "The Week in Chess 967"]
[Source "Mark Crowther"]
[SourceDate "2013.05.20"]
[SourceVersion "1"]
[SourceVersionDate "2013.05.20"]
[SourceQuality "2"]

1. e4 c5 2. Nf3 d6 3. d4 cxd4 4. Nxd4 Nf6 5. Nc3 a6 6. Qf3 Nbd7 7. Bg5 Qa5 8. Bd2 Qc7 9. O-O-O b5 10. a3 Bb7 11. Kb1 Rc8 12. Bd3 g6 13. Qh3 h5 14. f4 e5 15. Nde2 Nc5 16. Qf3 Bg7 17. fxe5 dxe5 18. Bg5 Nh7 19. Be3 O-O 20. g4 f5 21. gxf5 gxf5 22. Bxc5 fxe4 23. Qg3 Rf3 24. Qg6 Rf6 0-1

[Event "Calgary int."]
[Site "Calgary CAN"]
[Date "2013.05.19"]
[Round "7"]
[White "Cao, Jason"]
[Black "Kostadinov, George"]
[Result "1-0"]
[WhiteElo "2026"]
[BlackElo "2082"]
[PlyCount "77"]
[GameId "2160767909356158"]
[EventDate "2013.05.14"]
[EventType "swiss"]
[EventRounds "9"]
[EventCountry "CAN"]
[SourceTitle "The Week in Chess 967"]
[Source "Mark Crowther"]
[SourceDate "2013.05.20"]
[SourceVersion "1"]
[SourceVersionDate "2013.05.20"]
[SourceQuality "2"]

1. e4 c5 2. Nf3 d6 3. d4 cxd4 4. Nxd4 Nf6 5. Nc3 a6 6. Be3 e5 7. Nb3 Be6 8. f3 Be7 9. Qd2 O-O 10. O-O-O b5 11. Nd5 Nxd5 12. exd5 Bd7 13. f4 f6 14. Kb1 a5 15. Bd3 a4 16. Nc1 Na6 17. a3 Qb8 18. c3 Bd8 19. f5 Qb7 20. Bc2 Ba5 21. Na2 Rac8 22. g4 Rc7 23. Rhg1 Qc8 24. Rdf1 Be8 25. g5 fxg5 26. Bxg5 Rcf7 27. f6 Bd8 28. Bh6 Qh3 29. Bxg7 Qxf1+ 30. Rxf1 Rxg7 31. fxg7 Rxf1+ 32. Nc1 Rg1 33. Qh6 Bg6 34. Bxg6 Rxg6 35. Qh3 Nc5 36. Qc8 Kxg7 37. Qxd8 h5 38. Ne2 Ne4 39. Ng3 1-0

[Event "Calgary int."]
[Site "Calgary CAN"]
[Date "2013.05.19"]
[Round "7"]
[White "Gardner, Robert"]
[Black "Pua, Richard"]
[Result "1-0"]
[WhiteElo "2217"]
[BlackElo "2007"]
[PlyCount "47"]
[GameId "2160767909356159"]
[EventDate "2013.05.14"]
[EventType "swiss"]
[EventRounds "9"]
[EventCountry "CAN"]
[SourceTitle "CBM 154 Extra"]
[Source "ChessBase"]
[SourceDate "2013.06.25"]
[SourceVersion "2"]
[SourceVersionDate "2013.06.25"]
[SourceQuality "1"]

1. d4 d5 2. c4 c6 3. Nf3 Nf6 4. Nc3 e6 5. Bg5 Nbd7 6. cxd5 cxd5 7. e3 Qa5 8. Bd3 Bb4 9. Qc2 O-O 10. O-O a6 11. Ne5 h6 12. Bh4 Bxc3 13. bxc3 Nxe5 14. dxe5 Nd7 15. f4 Nc5 16. Rf3 Bd7 17. Rg3 Nxd3 18. Bf6 g6 19. Qxd3 Kh7 20. Rh3 Bb5 21. Qc2 Qa4 22. Qf2 g5 23. fxg5 Kg6 24. Rxh6# 1-0

[Event "Calgary int."]
[Site "Calgary CAN"]
[Date "2013.05.19"]
[Round "7"]
[White "Haessel, Dale"]
[Black "Jayakumar, Adarsh"]
[Result "1/2-1/2"]
[WhiteElo "2171"]
[BlackElo "2336"]
[PlyCount "60"]
[GameId "2160767909356160"]
[EventDate "2013.05.14"]
[EventType "swiss"]
[EventRounds "9"]
[EventCountry "CAN"]
[SourceTitle "CBM 154 Extra"]
[Source "ChessBase"]
[SourceDate "2013.06.25"]
[SourceVersion "2"]
[SourceVersionDate "2013.06.25"]
[SourceQuality "1"]

1. d4 d5 2. c4 e6 3. Nf3 c6 4. Qc2 Nf6 5. Bg5 h6 6. Bh4 dxc4 7. Qxc4 b5 8. Qc2 Bb7 9. e3 Nbd7 10. Nbd2 a6 11. a4 Qb6 12. Be2 c5 13. axb5 axb5 14. Rxa8+ Bxa8 15. O-O Be7 16. dxc5 Bxc5 17. Bxf6 gxf6 18. b4 Be7 19. Bxb5 Qxb5 20. Qc8+ Bd8 21. Qxa8 Qxb4 22. Rb1 Qa5 23. Qc6 Qc7 24. Qb5 O-O 25. Qh5 Kg7 26. e4 Be7 27. h3 Ra8 28. Qg4+ Kh7 29. Qh5 Kg7 30. Qg4+ Kh7 1/2-1/2

[Event "Calgary int."]
[Site "Calgary CAN"]
[Date "2013.05.19"]
[Round "7"]
[White "Langer, Mikhail"]
[Black "Peter, Steven"]
[Result "1/2-1/2"]
[WhiteElo "2237"]
[BlackElo "2234"]
[PlyCount "80"]
[GameId "2160767909356161"]
[EventDate "2013.05.14"]
[EventType "swiss"]
[EventRounds "9"]
[EventCountry "CAN"]
[SourceTitle "CBM 154 Extra"]
[Source "ChessBase"]
[SourceDate "2013.06.25"]
[SourceVersion "2"]
[SourceVersionDate "2013.06.25"]
[SourceQuality "1"]

1. e4 c5 2. Nf3 Nc6 3. d4 cxd4 4. Nxd4 Qb6 5. Nb3 Nf6 6. Nc3 e6 7. Be3 Qc7 8. Qd2 a6 9. f3 d6 10. O-O-O Be7 11. g4 b5 12. g5 Nd7 13. f4 Nb6 14. a3 Nc4 15. Bxc4 bxc4 16. Nd4 Rb8 17. Nxc6 Qxc6 18. Qd4 O-O 19. f5 exf5 20. Nd5 Rb7 21. Bd2 Qc5 22. Qxc5 dxc5 23. e5 Re8 24. Nxe7+ Rbxe7 25. Bc3 Bb7 26. Rhf1 Be4 27. Rd6 Re6 28. Rfd1 h6 29. gxh6 gxh6 30. Rd7 f4 31. Rg1+ Rg6 32. Rxg6+ fxg6 33. Rd6 f3 34. Rf6 Rf8 35. Kd2 Rxf6 36. exf6 Bxc2 37. Ke3 Be4 38. Kf2 Kf7 39. Kg3 Ke6 40. h4 Bd5 1/2-1/2

[Event "Calgary int."]
[Site "Calgary CAN"]
[Date "2013.05.19"]
[Round "7"]
[White "McEntee, Tim R"]
[Black "Yam, Alex"]
[Result "0-1"]
[WhiteElo "2115"]
[BlackElo "2283"]
[PlyCount "82"]
[GameId "2160767909356162"]
[EventDate "2013.05.14"]
[EventType "swiss"]
[EventRounds "9"]
[EventCountry "CAN"]
[SourceTitle "CBM 154 Extra"]
[Source "ChessBase"]
[SourceDate "2013.06.25"]
[SourceVersion "2"]
[SourceVersionDate "2013.06.25"]
[SourceQuality "1"]

1. d4 Nf6 2. c4 e6 3. Nc3 c5 4. d5 exd5 5. cxd5 d6 6. e4 g6 7. Nge2 Bg7 8. Ng3 O-O 9. Be2 Na6 10. O-O Nc7 11. f3 Rb8 12. a4 a6 13. Bg5 h6 14. Be3 Re8 15. Qd2 Kh7 16. a5 Nd7 17. f4 b5 18. e5 f5 19. exd6 Rxe3 20. dxc7 Qxc7 21. Kh1 Bd4 22. Bd3 Nf6 23. Nge2 Ng4 24. Nxd4 cxd4 25. Nd1 Re8 26. Qb4 Qg7 27. Rc1 Bb7 28. d6 Rbc8 29. Rxc8 Bxc8 30. Qc5 Qd7 31. h3 Nf6 32. Qxd4 Re6 33. Nf2 Rxd6 34. Qe5 Re6 35. Qc5 Nh5 36. Rc1 Bb7 37. Qb4 Qd5 38. Rg1 Ng3+ 39. Kh2 Ne2 40. Bxe2 Rxe2 41. Kg3 g5 0-1

[Event "Calgary int."]
[Site "Calgary CAN"]
[Date "2013.05.19"]
[Round "7"]
[White "Nguyen, Kim"]
[Black "Ebrahim Shirazi, Behrooz"]
[Result "0-1"]
[WhiteElo "2079"]
[BlackElo "2063"]
[PlyCount "124"]
[GameId "2160767909356163"]
[EventDate "2013.05.14"]
[EventType "swiss"]
[EventRounds "9"]
[EventCountry "CAN"]
[SourceTitle "CBM 154 Extra"]
[Source "ChessBase"]
[SourceDate "2013.06.25"]
[SourceVersion "2"]
[SourceVersionDate "2013.06.25"]
[SourceQuality "1"]

1. e4 e6 2. d4 d5 3. Nd2 Nf6 4. e5 Nfd7 5. Bd3 c5 6. c3 Nc6 7. Ne2 cxd4 8. cxd4 Nb6 9. Nf3 Bd7 10. O-O Be7 11. h4 Bxh4 12. g3 Be7 13. Bf4 Nb4 14. Bb1 g5 15. Be3 h5 16. a3 Nc6 17. Kg2 Nc4 18. Bc1 g4 19. Nh2 Bg5 20. b3 N4a5 21. f4 gxf3+ 22. Nxf3 Bxc1 23. Nxc1 Qe7 24. Nh4 O-O-O 25. Rf4 Rdg8 26. Qf3 Be8 27. Ne2 Kb8 28. Bc2 Rg5 29. Qc3 Rhg8 30. b4 Nc4 31. Rh1 a5 32. b5 Qxa3 33. Qxa3 Nxa3 34. Bh7 Nxb5 35. Bxg8 Rxg8 36. Nf3 a4 37. Rxh5 Na3 38. Rfh4 Kc7 39. Rh8 Rxh8 40. Rxh8 Bd7 41. Nc3 Nd8 42. Kf2 b5 43. Na2 Nc2 44. Ke2 b4 45. Kd2 b3 46. Nc1 Nc6 47. Rh4 Na5 48. Kc3 Ne3 49. Rh1 Nec4 50. Nxb3 axb3 51. Ne1 Ne3 52. Nd3 Bb5 53. Nc5 Bc4 54. Ra1 Nc6 55. Na4 Nxd4 56. Rh1 Nc6 57. Nc5 d4+ 58. Kb2 Nxe5 59. Nxb3 Bxb3 60. Kxb3 Kd6 61. Rh4 Kd5 62. Rf4 f5 0-1

[Event "Calgary int."]
[Site "Calgary CAN"]
[Date "2013.05.19"]
[Round "7"]
[White "Van Kampen, Robin"]
[Black "Mikhalevski, Victor"]
[Result "1/2-1/2"]
[WhiteElo "2580"]
[BlackElo "2551"]
[PlyCount "113"]
[GameId "2160767909356167"]
[EventDate "2013.05.14"]
[EventType "swiss"]
[EventRounds "9"]
[EventCountry "CAN"]
[SourceTitle "The Week in Chess 967"]
[Source "Mark Crowther"]
[SourceDate "2013.05.20"]
[SourceVersion "1"]
[SourceVersionDate "2013.05.20"]
[SourceQuality "2"]

1. e4 e5 2. Nf3 Nc6 3. Bb5 a6 4. Ba4 Nf6 5. O-O Nxe4 6. d4 b5 7. Bb3 d5 8. dxe5 Be6 9. c3 Bc5 10. Qd3 O-O 11. Nbd2 f5 12. exf6 Nxf6 13. a4 Rb8 14. axb5 axb5 15. Ra6 Qd7 16. Ng5 Ne5 17. Qe2 Bd6 18. Nxe6 Qxe6 19. Ne4 Nc4 20. Nxf6+ Qxf6 21. g3 Rbe8 22. Qd3 Qf7 23. Bc2 Qh5 24. b3 Nb6 25. Be3 b4 26. Ra5 Rf3 27. cxb4 Qh3 28. Re1 Bxb4 29. Raa1 Bxe1 30. Rxe1 Rf6 31. Rc1 Rfe6 32. Bd1 Rh6 33. Bf3 Qxh2+ 34. Kf1 Rf6 35. Ke2 Rfe6 36. Rh1 Rxe3+ 37. Qxe3 Rxe3+ 38. Kxe3 d4+ 39. Ke2 Qxh1 40. Bxh1 c5 41. Kd3 Kf7 42. b4 cxb4 43. Kxd4 Ke6 44. Kc5 b3 45. Be4 Nd7+ 46. Kb4 h6 47. Bb1 Ne5 48. Kxb3 Ng4 49. f4 Nf6 50. Bg6 Kd5 51. Kc2 Ne4 52. g4 Kd4 53. g5 hxg5 54. fxg5 Ke3 55. Kd1 Nxg5 56. Ke1 Ne6 57. Kf1 1/2-1/2

[Event "Calgary int."]
[Site "Calgary CAN"]
[Date "2013.05.19"]
[Round "8"]
[White "Jayakumar, Adarsh"]
[Black "Pua, Richard"]
[Result "1-0"]
[WhiteElo "2336"]
[BlackElo "2007"]
[PlyCount "53"]
[GameId "2160767909356169"]
[EventDate "2013.05.14"]
[EventType "swiss"]
[EventRounds "9"]
[EventCountry "CAN"]
[SourceTitle "CBM 154 Extra"]
[Source "ChessBase"]
[SourceDate "2013.06.25"]
[SourceVersion "2"]
[SourceVersionDate "2013.06.25"]
[SourceQuality "1"]

1. d4 d5 2. c4 c6 3. Nf3 e6 4. g3 f5 5. Bg2 Nf6 6. O-O Bd6 7. b3 Qe7 8. Bb2 Nbd7 9. Ne5 O-O 10. Nd2 Ne4 11. Ndf3 Ndf6 12. Nd3 Bd7 13. Nfe5 Rac8 14. f3 Ng5 15. Qd2 Nf7 16. Rae1 Rce8 17. e4 fxe4 18. fxe4 Nxe4 19. Bxe4 dxe4 20. Nxd7 Qxd7 21. Rxe4 e5 22. Qe3 exd4 23. Qxd4 Ng5 24. Rxe8 Nh3+ 25. Kh1 Rxe8 26. c5 Re2 27. cxd6 1-0